[Event "VII New Open"]
[Site "Lugano SUI"]
[Date "2013.03.31"]
[Round "4.2"]
[White "Kiss,Pa1"]
[Black "Maksimenko,An"]
[Result "1/2-1/2"]
[WhiteElo "2348"]
[BlackElo "2543"]

1.d4 Nf6 2.c4 e6 3.Nf3 b6 4.g3 Ba6 5.b3 b5 6.cxb5 Bxb5 7.Bg2 d5 8.O-O Nbd7
9.Nc3 Ba6 10.Ne5 c6 11.Nxd7 Nxd7 12.Bb2 Be7 13.Bc1 O-O 14.Na4 Bb5 15.Nc3 Ba6
16.Na4 Bb5 17.Nc3  1/2-1/2

[Event "ch-Moscow 2013"]
[Site "Moscow RUS"]
[Date "2013.03.31"]
[Round "9.9"]
[White "Naumkin,I"]
[Black "Dvalishvili,P"]
[Result "0-1"]
[WhiteElo "2490"]
[BlackElo "2413"]

1.d4 Nf6 2.c4 e6 3.Nf3 b6 4.g3 Ba6 5.b3 d5 6.Bg2 Be7 7.O-O O-O 8.Nc3 c6 9.Bb2 Nbd7
10.Re1 b5 11.c5 Bb7 12.b4 a5 13.a3 Qc7 14.Rb1 axb4 15.axb4 Ra7 16.Qc2 Rfa8
17.Rbd1 Qb8 18.Qb1 Bd8 19.Ng5 h6 20.Nf3 Bc7 21.h3 Qf8 22.Qc2 Re8 23.Bc1 e5
24.e4 dxe4 25.Nxe5 Nxe5 26.dxe5 Bxe5 27.Nxe4 Raa8 28.Nd6 Bxd6 29.Rxe8 Nxe8
30.cxd6 Nxd6 31.Qd3 Nc4 32.Qd7 Qc8 33.Qe7 Nb6 34.Bb2 Nd5 35.Qe5 Qf8 36.Be4 Nf6
37.Bf3 Qxb4 38.Rd4 Qb3 39.Rf4 Re8 40.Qc7 Qxb2 41.Qxb7 c5 42.Bc6 Rd8 43.Bxb5 g5
44.Rf3 Kg7 45.Kg2 Rd1 46.Kh2 Qb1 47.Rxf6 Kxf6 48.Qf3+ Ke7 49.Bc4 f6 50.Qc6 Qf5
51.Kg2 Rd4 52.Qc7+ Rd7 53.Qc6 Qe5 54.Kg1 h5 55.Bb5 Rd8 56.Qb7+ Kf8 57.Bc4 Qe7
58.Qf3 Kg7 59.Kg2 Rd4 60.Bd5 g4 61.hxg4 hxg4 62.Qf5 Qe5 63.Qd7+ Kh6  0-1

[Event "e2e4 Dublin Masters"]
[Site "Dublin IRL"]
[Date "2013.04.01"]
[Round "9"]
[White "Croad,N"]
[Black "McPhillips,Joseph"]
[Result "1-0"]
[WhiteElo "2272"]
[BlackElo "2161"]

1.d4 e6 2.c4 Nf6 3.Nf3 b6 4.g3 Ba6 5.Qc2 Bb7 6.Bg2 c5 7.d5 exd5 8.cxd5 Nxd5
9.O-O Be7 10.Qe4 Bc6 11.Ne5 Nf6 12.Nxc6 Nxc6 13.Qa4 O-O 14.Nc3 Qc8 15.Qd1 a6
16.a4 Ra7 17.e4 d6 18.Bf4 Rd8 19.h3 Nb4 20.g4 Nd7 21.Qe2 Ne5 22.Rad1 Nec6
23.Qe3 Qe6 24.Qg3 Nd4 25.Kh1 Bf6 26.Bc1 Nb3 27.g5 Bd4 28.Nd5 Nxc1 29.Rxd4 Ne2
30.Qh4 Nxd4 31.g6 hxg6 32.Qxd8+ Kh7 33.Qh4+ Kg8 34.Qd8+ Kh7 35.Nxb4 Qe7 36.Qxe7 Rxe7
37.Nd5 Re8 38.Nxb6 Rb8 39.a5 Nc6 40.Nc4 f6 41.Rd1  1-0

[Event "TCh-NOR Eliteserien 2012-13"]
[Site "Haraldsheim NOR"]
[Date "2013.04.07"]
[Round "9"]
[White "Borchgrevink,H"]
[Black "Runde,Ha"]
[Result "1-0"]
[WhiteElo "2280"]
[BlackElo "2037"]

1.d4 Nf6 2.c4 e6 3.Nf3 b6 4.g3 Ba6 5.Qc2 Bb4+ 6.Nbd2 Bb7 7.Bg2 Be4 8.Qb3 a5
9.O-O Bxd2 10.Bxd2 O-O 11.Rac1 d6 12.Rfd1 Ra7 13.Bf4 h6 14.Qa3 Nc6 15.b3 Qa8
16.Qb2 Ne7 17.h3 Ng6 18.Be3 Nd7 19.Ne1 Bxg2 20.Nxg2 c6 21.h4 Qe8 22.f3 e5
23.dxe5 dxe5 24.Rd6 Ne7 25.Bf2 c5 26.Qc2 Nc8 27.Rd2 Nb8 28.Rcd1 Rd7 29.Rxd7 Nxd7
30.Ne3 Nb8 31.Nf5 Qe6 32.g4 Nc6 33.Qe4 Re8 34.e3 N6e7 35.Bg3 Nxf5 36.Qxf5 Qxf5
37.gxf5 f6 38.Rd7 Kf8 39.Rc7 Nd6 40.e4 Rd8 41.Bf2 Nf7 42.Rb7 Rd1+ 43.Kg2 Rd6
44.Kf1 Nd8 45.Rxb6 Rd1+ 46.Ke2 Ra1 47.Bxc5+ Ke8 48.a3 Ra2+ 49.Ke1 Ra1+ 50.Kf2 Rb1
51.Rb8 Kd7 52.Bb6 Rb2+ 53.Kg3 Nc6 54.Rb7+ Ke8 55.Bc5 h5 56.b4 Nd4 57.Bxd4 exd4
58.Kf4 a4 59.Ra7 Rh2 60.Rxa4 Rxh4+ 61.Kg3 Rh1 62.Ra8+ Ke7 63.Ra7+ Ke8 64.Ra5 h4+
65.Kg4 h3 66.Rd5 Rc1 67.Kxh3 Rxc4 68.Kg3 Ke7 69.Kf4 Rc3 70.a4 Rc4 71.Rb5 Kd6
72.a5 Kc6 73.Rb8 Kc7 74.Rg8 Rxb4 75.Rxg7+ Kd6 76.Rf7 Kc5 77.Rxf6 Kc4 78.Rd6 Kd3
79.f6 Rb7 80.a6 Ra7 81.e5  1-0

[Event "15th Dubai Open 2013"]
[Site "Dubai UAE"]
[Date "2013.04.10"]
[Round "4.30"]
[White "Mohannad,F"]
[Black "Grover,S"]
[Result "0-1"]
[WhiteElo "2231"]
[BlackElo "2467"]

1.d4 Nf6 2.c4 e6 3.Nf3 b6 4.g3 Ba6 5.Qa4 c5 6.Bg2 Bb7 7.dxc5 Bxc5 8.O-O O-O
9.Nc3 Be7 10.Rd1 Na6 11.Bg5 Nc5 12.Qc2 Nfe4 13.Bxe7 Qxe7 14.Nxe4 Bxe4 15.Qd2 d5
16.cxd5 Bxd5 17.Ne5 Rad8 18.Qe3 Qb7 19.Bxd5 Rxd5 20.Rd2 Rxd2 21.Qxd2 Qe4
22.Nf3 Qa4 23.Qd1 f6 24.b3 Qa3 25.Qc1 Qb4 26.Qe3 Rd8 27.Kg2 e5 28.Rc1 e4
29.Nh4 Qd2 30.Nf5 g6 31.b4 gxf5 32.Qxd2 Rxd2 33.bxc5 bxc5 34.Rxc5 Rxe2 35.a4 f4
36.gxf4 Ra2 37.Kf1 Rxa4 38.Rc7 a5 39.Ke2 Ra3 40.Re7 Rb3 41.Rxe4 Rb8 42.Kd3 Ra8
43.Ra4 Kf7 44.f5 Ke7 45.Rh4 a4 46.Kc2 a3 47.Kb1 a2+ 48.Ka1 Kd6 49.Rxh7 Ke5
50.Rh5 Kf4 51.Rh3 Kxf5 52.Rf3+ Kg6 53.Rg3+ Kh5 54.Rh3+ Kg4 55.Rg3+ Kh4 56.Rf3 Ra6
57.h3 Kg5 58.Rg3+ Kh5 59.Rf3 Kh4 60.Rg3 f5 61.Rf3 Ra5 62.Rg3 Ra4 63.Rf3 f4
64.Rb3 Ra5 65.Rf3 Kg5 66.Rb3 Kf5 67.Rf3 Ke4 68.Rb3 Ra4 69.h4 Kf5 70.h5 Ra6
71.Rh3 Kg5 72.Rh1 Rh6 73.Kxa2 Rxh5 74.Rg1+ Kf5 75.f3 Rh3 76.Rf1 Ke5 77.Re1+ Kd5
78.Kb2 Rxf3 79.Kc2 Kd4 80.Re2 Rd3 81.Rh2 Ra3 82.Rh8 Ke3 83.Re8+ Kf2 84.Kd1 Rd3+
85.Kc2 Rd5 86.Rg8 f3 87.Rg7 Ke2 88.Re7+ Kf1 89.Rg7 f2 90.Rg6 Ke2 91.Re6+ Kf3
92.Rf6+ Ke3 93.Rf8 Rd4  0-1

[Event "15th Dubai Open 2013"]
[Site "Dubai UAE"]
[Date "2013.04.11"]
[Round "5.17"]
[White "Karavade,E"]
[Black "Jumabayev,R"]
[Result "0-1"]
[WhiteElo "2389"]
[BlackElo "2549"]

1.d4 Nf6 2.c4 e6 3.Nf3 b6 4.g3 Ba6 5.b3 d5 6.Bg2 dxc4 7.Ne5 Bb4+ 8.Kf1 Bd6
9.Nxf7 Kxf7 10.Bxa8 c6 11.f3 Qc8 12.Nd2 Nbd7 13.Nxc4 Be7 14.Bf4 Qxa8 15.Kg2 c5
16.dxc5 Bxc4 17.bxc4 Bxc5 18.Qc1 e5 19.Be3 Rc8 20.Rb1 Qc6 21.Rd1 Qa4 22.Bxc5 Rxc5
23.Qe3 Qxc4 24.Rd2 Nf8 25.Rbd1 Ne6 26.Qa3 Rc7 27.Qd3 Qxd3 28.Rxd3 Rc5 29.Ra3 Rc7
30.Rdd3 Ke7 31.Rac3 Rxc3 32.Rxc3 Nc5 33.Kf2 Nfe4+  0-1

[Event "62nd ch-BUL 2013"]
[Site "Bankya BUL"]
[Date "2013.04.18"]
[Round "2.5"]
[White "Ivanova,Si"]
[Black "Voiska,M"]
[Result "1-0"]
[WhiteElo "1964"]
[BlackElo "2285"]

1.d4 Nf6 2.c4 e6 3.Nf3 b6 4.g3 Ba6 5.b3 Bb4+ 6.Bd2 Be7 7.Bg2 c6 8.O-O O-O
9.Qc2 d5 10.Rd1 Nbd7 11.Bf4 Rc8 12.Nc3 Nh5 13.Bc1 f5 14.Ne5 Nxe5 15.dxe5 Qc7
16.Bf3 g6 17.Bxh5 gxh5 18.Bf4 Rfd8 19.Qd3 Qd7 20.e4 d4 21.exf5 exf5 22.Qf3 Qe6
23.Ne2 c5 24.a4 Rd7 25.Qxh5 Bb7 26.f3 Qg6 27.Qxg6+ hxg6 28.Kf2 g5 29.Bd2 Bd8
30.h3 Rh7 31.Ng1 a5 32.Re1 Rc6 33.g4 f4 34.Kg2 Re6 35.Re2 Bc7 36.Rae1 d3
37.Rf2 Rxe5 38.Rd1 Re8 39.Bc3 Rd7 40.Rfd2 Re3 41.Kf2 Kf7 42.Bb2 Bc6 43.Bc3 Ke6
44.Bb2 Be5 45.Bxe5 Kxe5 46.Rc1 Kd4 47.Kg2 Rde7 48.Kf2 R7e6 49.Rb2 Rh6 50.Rd2 Rh8
51.Kg2 Ke5 52.Rc3 Rd8 53.Kf2 Rd6 54.Rc1 Be8 55.Rc3 Bg6 56.Rc1 Kd4 57.Kg2 Bf7
58.Kf2 b5 59.axb5 a4 60.bxa4 Bxc4 61.Rb2 Rb6 62.Kg2 Re8 63.Kf2 Ra8 64.Rd2 Re6
65.h4 gxh4 66.Nh3 Rxa4 67.Nxf4 Re8 68.b6 Ba6 69.Rb2 c4 70.b7 Bxb7 71.Rxb7 Ra2+
72.Kf1 Rc2 73.Rd1 Ra2 74.Rd7+ Kc3  1-0

[Event "7th Agzamov Memorial"]
[Site "Tashkent UZB"]
[Date "2013.04.18"]
[Round "5"]
[White "Khenkin,I"]
[Black "Kazakov,K"]
[Result "1-0"]
[WhiteElo "2638"]
[BlackElo "2309"]

1.d4 Nf6 2.c4 e6 3.Nf3 b6 4.g3 Ba6 5.Qa4 c5 6.Bg2 Bb7 7.dxc5 Bxc5 8.O-O O-O
9.Nc3 Be7 10.Rd1 Na6 11.Bf4 Nc5 12.Qc2 d6 13.Nb5 Be4 14.Qc1 d5 15.Ne5 Rc8
16.f3 Bg6 17.Nc7 Qxc7 18.Nxg6 Bd6 19.Nxf8 Rxf8 20.Bg5 Ncd7 21.cxd5 Bc5+ 22.Kh1 Qe5
23.dxe6 fxe6 24.e4 Rf7 25.Bf4 Qh5 26.Bd6 h6 27.Bxc5 Nxc5 28.b4 Ncd7 29.Qc6 Re7
30.Qd6 Re8 31.Rac1 Ne5 32.Rf1 Nf7  1-0

[Event "7th Agzamov Memorial"]
[Site "Tashkent UZB"]
[Date "2013.04.21"]
[Round "8"]
[White "Kazhgaleyev,M"]
[Black "Khamrakulov,D"]
[Result "1-0"]
[WhiteElo "2594"]
[BlackElo "2429"]

1.d4 Nf6 2.c4 e6 3.Nf3 b6 4.g3 Ba6 5.Qa4 Be7 6.Nc3 Bb7 7.Bg2 O-O 8.O-O Ne4
9.Nxe4 Bxe4 10.Rd1 d5 11.Bf4 Bd6 12.Bxd6 cxd6 13.cxd5 Bxd5 14.Rac1 Qe7 15.Rc3 Qb7
16.Rdc1 b5 17.Qc2 h6 18.e4 Bxe4 19.Ng5 hxg5 20.Bxe4 d5 21.Rc7 Qb6 22.Bh7+ Kh8
23.Bd3 Na6 24.Qe2 Kg8 25.R7c6 Qa5 26.Qh5 Rfd8 27.Rxa6 Qxa6 28.Qh7+  1-0

[Event "Nakhchivan Open A 2013"]
[Site "Nakhchivan AZE"]
[Date "2013.04.23"]
[Round "2.22"]
[White "Yilmaz,M"]
[Black "Abdulla,K"]
[Result "1/2-1/2"]
[WhiteElo "2531"]
[BlackElo "2226"]

1.d4 Nf6 2.c4 e6 3.Nf3 b6 4.g3 Ba6 5.Qa4 Bb7 6.Bg2 c5 7.dxc5 bxc5 8.Nc3 Be7
9.O-O h6 10.Bf4 O-O 11.Rfd1 Qb6 12.Rd2 d6 13.Rad1 e5 14.Be3 Nc6 15.Rb1 Nd4
16.b4 Bc6 17.Qd1 Qc7 18.b5 Bb7 19.Rdb2 Nd7 20.Nd2 Bxg2 21.Kxg2 Qb7+ 22.Kg1 f5
23.Nb3 Nf6 24.Na5 Qc7 25.Qa4 Bd8 26.Nc6 Qf7 27.f3 Bb6 28.Bf2 Rae8 29.Rd1 Qh5
30.Nxd4 cxd4 31.Nd5 Nxd5 32.cxd5 e4 33.Bxd4 exf3 34.exf3 Qxf3 35.Rf2 Qg4
36.Rf4 Qe2 37.Rf2 Qg4 38.Rf4 Qe2 39.Bxb6 axb6 40.Rf2 Qh5 41.Rdf1 f4 42.gxf4  1/2-1/2

[Event "Nakhchivan Open A 2013"]
[Site "Nakhchivan AZE"]
[Date "2013.04.23"]
[Round "2.23"]
[White "Zeynalov,F"]
[Black "Sanal,V"]
[Result "0-1"]
[WhiteElo "2320"]
[BlackElo "2418"]

1.d4 Nf6 2.c4 e6 3.Nf3 b6 4.g3 Ba6 5.b3 Bb7 6.Bg2 Bb4+ 7.Bd2 c5 8.O-O O-O
9.dxc5 Bxc5 10.Nc3 d5 11.Ne5 Bd4 12.Nd3 Ne4 13.Rc1 Bxc3 14.Bxc3 dxc4 15.Bxg7 Kxg7
16.Rxc4 f5 17.Nf4 Kf7 18.Qa1 Na6 19.f3 Nf6 20.e4 b5 21.Rcc1 Rc8 22.exf5 exf5
23.Qe5 Rxc1 24.Rxc1 Qb6+ 25.Kh1 Rc8 26.Rxc8 Bxc8 27.Bf1 Bd7 28.Nh3 Qc5 29.Qf4 Nc7
30.a4 Ne6 31.Qd2 Bc6 32.Be2 bxa4 33.bxa4 Qd4 34.Qc2 Qd5 35.Ng5+ Kg6 36.Nh3 Kg7
37.Qc1 Nd4 38.Bd1 Nxf3 39.Nf4 Qe4 40.Ng2 h6 41.Bc2 Qe2 42.Bxf5 Ne1  0-1

[Event "Zonal 2.4 Absoluto 2013"]
[Site "Manaus BRA"]
[Date "2013.04.29"]
[Round "4.9"]
[White "Cruz,Ri"]
[Black "Barata,A"]
[Result "1-0"]
[WhiteElo "2309"]
[BlackElo "2147"]

1.d4 Nf6 2.c4 e6 3.Nf3 b6 4.g3 Ba6 5.b3 Bb4+ 6.Bd2 Be7 7.Bg2 d5 8.Ne5 O-O
9.O-O c6 10.Bf4 Nfd7 11.Nxd7 Nxd7 12.Nd2 Bf6 13.Nf3 dxc4 14.bxc4 Bxc4 15.Nd2 Bb5
16.a4 Ba6 17.Ne4 Be7 18.Rc1 Nb8 19.h4 Bb7 20.h5 Na6 21.Qb3 Nb4 22.h6 g6 23.Be5 a5
24.Bg7 Re8 25.Rfd1 Rc8 26.Qb2 Nd5 27.Nc5 Ba8 28.Nd3 Bf6 29.Bxf6 Qxf6 30.e4 Nb4
31.Nxb4 axb4 32.Qxb4 Qd8 33.d5 c5 34.Qb2 e5 35.Bf1 Qd6 36.Bb5 Red8 37.f4 f6
38.Rf1 Rc7 39.fxe5 Qxe5 40.Qxe5 fxe5 41.Rf6 Rf7 42.Rcf1  1-0

[Event "Chinese Teams 2013"]
[Site "Tianjin CHN"]
[Date "2013.04.30"]
[Round "1.2"]
[White "Yuan,Ye"]
[Black "Javakhishvili,L"]
[Result "0-1"]
[WhiteElo "2026"]
[BlackElo "2464"]

1.d4 Nf6 2.c4 e6 3.Nf3 b6 4.g3 Ba6 5.b3 Bb4+ 6.Bd2 Be7 7.Bg2 d5 8.O-O O-O
9.Bc3 c5 10.Ne5 Bb7 11.Nd2 Nbd7 12.cxd5 Nxd5 13.Bb2 cxd4 14.Bxd4 Nxe5 15.Bxe5 Bf6
16.Nc4 Bxe5 17.Nxe5 Nc3 18.Qd3 Qxd3 19.exd3 Ne2+ 20.Kh1 Bxg2+ 21.Kxg2 Rac8
22.Rfe1 Rc2 23.Nc4 Nd4 24.Rec1 Rxc1 25.Rxc1 Rc8 26.Rb1 b5 27.Nd6 Rc6 28.Ne4 Rc2
29.a4 b4 30.Nd6 a6 31.a5 Rc3 32.Ne4 Rc2 33.g4 Kf8 34.Ng5 Rc3 35.Nxh7+ Ke7
36.Ng5 Rxb3 37.Rc1 Rc3 38.Rb1 b3 39.Ne4 Rc2 40.Ng5 b2 41.Nf3 Nb5 42.Ne1 Rc1  0-1

[Event "III Miedzyzdroje Open 2013"]
[Site "Miedzyzdroje POL"]
[Date "2013.05.04"]
[Round "8.1"]
[White "Grabarczyk,M"]
[Black "Strzemiecki,Z"]
[Result "1/2-1/2"]
[WhiteElo "2452"]
[BlackElo "2446"]

1.d4 Nf6 2.c4 e6 3.Nf3 b6 4.g3 Ba6 5.b3 b5 6.cxb5 Bxb5 7.Bg2 d5 8.O-O Nbd7
9.Nc3 Ba6 10.Na4 Rc8 11.a3 Bd6 12.b4 O-O 13.Bg5 h6 14.Bxf6 Qxf6 15.Re1 c6  1/2-1/2

[Event "Old Capital Open 2013"]
[Site "Veliko Tarnovo BUL"]
[Date "2013.05.04"]
[Round "6.10"]
[White "Stamenkov,V"]
[Black "Petrov,Martin"]
[Result "1-0"]
[WhiteElo "2317"]
[BlackElo "1967"]

1.d4 Nf6 2.Nf3 e6 3.c4 b6 4.g3 Ba6 5.Qa4 c5 6.Bg2 Bb7 7.dxc5 bxc5 8.Nc3 Be7
9.Bf4 Bc6 10.Qc2 d6 11.Rd1 Nh5 12.Be3 Nd7 13.O-O Nhf6 14.Bf4 e5 15.Bg5 Qb6
16.Nh4 Bxg2 17.Nxg2 O-O 18.Ne3 Qd8 19.Nf5 h6 20.Bxf6 Nxf6 21.Nb5 Ne8 22.Qe4 Nc7
23.Nbxd6 Bxd6 24.Rxd6 Qe8 25.Rxh6  1-0

[Event "31st Liechtenstein Open 2013"]
[Site "Triesen LIE"]
[Date "2013.05.08"]
[Round "6.24"]
[White "Rous,D"]
[Black "Van Heirzeele,D"]
[Result "1/2-1/2"]
[WhiteElo "2038"]
[BlackElo "2111"]

1.d4 Nf6 2.c4 e6 3.Nf3 b6 4.g3 Ba6 5.b3 b5 6.Bg2 bxc4 7.Ne5 Bb4+ 8.Bd2 cxb3
9.axb3 Bxd2+ 10.Qxd2 c6 11.O-O O-O 12.Rc1 Bb7 13.Na3 d6 14.Nxc6 Nxc6 15.Bxc6 Qb6
16.Bxb7 Qxb7 17.b4  1/2-1/2

[Event "Tschaturanga Open 2013"]
[Site "Vienna AUT"]
[Date "2013.05.08"]
[Round "3.5"]
[White "Schneider Zinner,H"]
[Black "Todor,R"]
[Result "1-0"]
[WhiteElo "2370"]
[BlackElo "2189"]

1.d4 Nf6 2.Nf3 e6 3.c4 b6 4.g3 Ba6 5.Qa4 Be7 6.Bg2 O-O 7.O-O Bb7 8.Rd1 d6
9.b4 Nbd7 10.Bb2 Qc8 11.Nc3 a5 12.b5 d5 13.Rac1 dxc4 14.Qxc4 c5 15.dxc5 Nxc5
16.Ne5 Bxg2 17.Kxg2 Qb7+ 18.Nc6 Rac8 19.Kg1 Rxc6 20.bxc6 Qxc6 21.Ba3 Re8
22.Bxc5 Bxc5 23.Na4 Ne4 24.Nxc5 Nxc5 25.Rb1 Rb8 26.Qb5 Qc7 27.Rdc1  1-0

[Event "ch-KGZ Women 2013"]
[Site "Bishkek KGZ"]
[Date "2013.05.09"]
[Round "9"]
[White "Loboda,Diana"]
[Black "Musaeva,Shakhnazi"]
[Result "1/2-1/2"]
[WhiteElo "1692"]
[BlackElo "1521"]

1.d4 Nf6 2.c4 e6 3.Nf3 b6 4.g3 Ba6 5.b3 Bb4+ 6.Bd2 Bxd2+ 7.Qxd2 Bb7 8.Bg2 c5
9.e3 O-O 10.O-O d5 11.cxd5 exd5 12.Nc3 Qe7 13.Ne5 Rd8 14.Ne2 Ne4 15.Qc2 Na6
16.Qb2 Rac8 17.Rac1 Nc7 18.f3 Nf6 19.g4 Ne6 20.Ng3 cxd4 21.Nf5 Qb4 22.a3 Qf8
23.Nxd4 Nxd4 24.exd4 h6 25.f4 Ne4 26.Rfe1 Qd6 27.Bf1 f6 28.Ng6 Kh7 29.f5 Re8
30.Bb5 Bc6 31.Bxc6 Rxc6 32.Rxc6 Qxc6 33.Rc1 Qd6  1/2-1/2

[Event "Deltalift Open 2013"]
[Site "Halmstad SWE"]
[Date "2013.05.09"]
[Round "3"]
[White "Holst,C"]
[Black "Brynell,S"]
[Result "1/2-1/2"]
[WhiteElo "2153"]
[BlackElo "2473"]

1.d4 e6 2.c4 Nf6 3.Nf3 b6 4.g3 Ba6 5.b3 Bb7 6.Bg2 Bb4+ 7.Bd2 a5 8.O-O O-O
9.Nc3 d6 10.Qc2 Nbd7 11.Rae1 Bxc3 12.Bxc3 Be4 13.Qd1 Qb8 14.Nd2 Bxg2 15.Kxg2 Qb7+
16.e4 a4 17.g4 Nxe4 18.Nxe4 f5 19.gxf5 exf5 20.d5 fxe4 21.Rxe4 Rf7 22.Qe2 Raf8
23.Re8 axb3 24.axb3 b5 25.Re1 bxc4 26.bxc4 Qb6 27.Rxf8+ Nxf8 28.Ra1 Qb8 29.Qg4 Ng6
30.Re1 Qf8 31.Bd4 Rf4 32.Qe6+ Qf7 33.Qxf7+ Kxf7 34.Rd1 Nh4+ 35.Kh3 Nf5 36.Ba7 Rxc4
37.Kg2 g5 38.h3 Rc3  1/2-1/2

[Event "Victory Day Open 2013"]
[Site "Moscow RUS"]
[Date "2013.05.10"]
[Round "4.10"]
[White "Potseluev,S2"]
[Black "Yakimenko,Alex"]
[Result "0-1"]
[WhiteElo "2047"]
[BlackElo "2205"]

1.Nf3 Nf6 2.d4 e6 3.c4 b6 4.g3 Ba6 5.Qa4 Be7 6.Bg2 O-O 7.O-O Bb7 8.Rd1 d6
9.Nc3 Ne4 10.Bd2 f5 11.d5 Nxc3 12.Bxc3 e5 13.b4 a5 14.c5 axb4 15.Qxb4 Na6
16.Qb5 Nxc5 17.a4 Ba6 18.Qb2 Bc4 19.Nxe5 dxe5 20.d6 cxd6 21.Bxa8 Qxa8 22.a5 b5
23.Bb4 Qc6 24.f3 Na6 25.Be1 d5 26.Qxe5 Bf6  0-1

[Event "Open Hradec Kralove 2013"]
[Site "Hradec Kralove CZE"]
[Date "2013.05.16"]
[Round "2"]
[White "Bagazinski,Zbyszek"]
[Black "Back,T"]
[Result "0-1"]
[WhiteElo "1563"]
[BlackElo "1922"]

1.d4 Nf6 2.c4 e6 3.Nf3 b6 4.g3 Ba6 5.b3 Bb4+ 6.Bd2 Be7 7.Bg2 c6 8.O-O O-O
9.Qc2 d5 10.Ne5 Bb7 11.Bc3 Nbd7 12.Nd2 Nxe5 13.dxe5 Nd7 14.Rad1 Qc7 15.f4 Bc5+
16.Kh1 a5 17.cxd5 cxd5 18.Qb2 Ba6 19.Nf3 Be3 20.Bd4 Bxd4 21.Nxd4 Nc5 22.Rc1 Qd7
23.a4 Rac8 24.Rfd1 Rfe8 25.Bf1 Ne4 26.e3 Rxc1 27.Rxc1 Bxf1 28.Rxf1 Rc8 29.Rc1 Rc5
30.Rxc5 bxc5 31.Nb5 Qc6 32.Nc3 Nxc3  0-1

[Event "2nd Oscar Panno GM"]
[Site "Moron ARG"]
[Date "2013.05.16"]
[Round "5"]
[White "Real de Azua,E"]
[Black "Ricardi,P"]
[Result "1/2-1/2"]
[WhiteElo "2458"]
[BlackElo "2481"]

1.d4 Nf6 2.c4 e6 3.Nf3 b6 4.g3 Ba6 5.Qc2 Bb4+ 6.Bd2 Be7 7.Bg2 O-O 8.O-O c6
9.Rd1 d5 10.b3 Nbd7 11.Bf4 Rc8 12.Nc3 Bb4 13.a3 Be7 14.e4 dxc4 15.bxc4 Bxc4
16.Nd2 Ba6 17.Qa4 Bd3 18.Ndb1 b5 19.Qxa7 Bc2 20.Rc1 Bd3 21.Rd1 Bc2 22.Rc1 Bd3  1/2-1/2

[Event "2nd Oscar Panno GM"]
[Site "Moron ARG"]
[Date "2013.05.17"]
[Round "6"]
[White "Perez Ponsa,F"]
[Black "Real de Azua,E"]
[Result "1/2-1/2"]
[WhiteElo "2474"]
[BlackElo "2458"]

1.d4 Nf6 2.c4 e6 3.Nf3 b6 4.g3 Ba6 5.Qc2 Bb7 6.Bg2 c5 7.d5 exd5 8.cxd5 Nxd5
9.O-O Be7 10.Rd1 Nc6 11.Qa4 Nf6 12.Nh4 Qc8 13.Nf5 Nd4 14.Nxd4 cxd4 15.Bxb7 Qxb7
16.Rxd4 b5 17.Qb3 Bc5 18.Rf4 Qc6 19.Be3 Bxe3 20.Qxe3+ Qe6 21.Qd3 O-O 22.Nc3 a6
23.Rd1 Rac8 24.Rd4 Rc4 25.Rxc4 bxc4 26.Qd4 Re8 27.Kg2 h5 28.Rd2 Qc6+ 29.f3 d5
30.Kf2 Qe6 31.Kg2 Qe5 32.h3 Qxd4 33.Rxd4 Rb8 34.b3  1/2-1/2

[Event "22nd TCh-CRO Cup 2013"]
[Site "Bol na Bracu CRO"]
[Date "2013.05.23"]
[Round "2.121"]
[White "Novak,I2"]
[Black "Bender,I"]
[Result "1-0"]
[WhiteElo "2161"]
[BlackElo "2276"]

1.d4 Nf6 2.c4 e6 3.Nf3 b6 4.g3 Ba6 5.Qc2 Bb4+ 6.Bd2 Be7 7.Bg2 c6 8.O-O O-O
9.Rd1 d5 10.Ne5 Nfd7 11.Nxd7 Nxd7 12.cxd5 cxd5 13.Nc3 Bb7 14.e4 dxe4 15.Nxe4 Bd5
16.Bf4 Nf6 17.Nc3 Bxg2 18.Kxg2 Nd5 19.Qe4 Nxc3 20.bxc3 Bd6 21.c4 Bxf4 22.Qxf4 Qc8
23.Rac1 Qa6 24.Rc2 Rac8 25.c5 Qa4 26.Rdd2 g6 27.Qf3 Rfd8 28.Qf6 Rd5 29.h3 Rf5
30.Qe7 Kg7 31.Kh2 Rd5 32.Qb7 Rc6 33.Rc3 bxc5 34.Rf3 Rf5 35.Rxf5 gxf5 36.dxc5 Qa6
37.Qe7 Kg6 38.h4 h6 39.Rd7 Kh5 40.Qxf7+ Kg4 41.Kg2  1-0

[Event "Hungarian National Open 2013"]
[Site "Zalakaros HUN"]
[Date "2013.05.24"]
[Round "3"]
[White "Havanecz,B"]
[Black "Rigo,Ja"]
[Result "0-1"]
[WhiteElo "2121"]
[BlackElo "2287"]

1.d4 Nf6 2.c4 e6 3.Nf3 b6 4.g3 Ba6 5.Qa4 c6 6.Bg2 b5 7.cxb5 cxb5 8.Qb3 d5
9.O-O Nc6 10.Bf4 Be7 11.Rc1 Rc8 12.Nbd2 O-O 13.Qd1 Qb6 14.e3 Nb4 15.Nb3 Rxc1
16.Nxc1 Rc8 17.a3 Nc2 18.Rb1 b4 19.axb4 Qxb4 20.Nd3 Qb3 21.Bf1 Qb7 22.Nfe5 h6
23.g4 Ne4 24.Rc1 Nb4 25.Nxb4 Bxb4 26.Rxc8+ Qxc8 27.Bxa6 Qxa6 28.Nd3 Bf8 29.Kg2 g5
30.Be5 Qa5 31.Qc2 Qb5 32.h3 Qc4 33.Qd1 a5 34.Kf3 a4 35.Ke2 a3 36.Kf3 a2 37.Nc5 Nxc5
38.dxc5 Qe4+  0-1

[Event "e2e4 Sunningdale Open"]
[Site "Ascot ENG"]
[Date "2013.05.25"]
[Round "3"]
[White "Gibson,Ch"]
[Black "Spence,D"]
[Result "1-0"]
[WhiteElo "1947"]
[BlackElo "2220"]

1.d4 e6 2.c4 Nf6 3.Nf3 b6 4.g3 Ba6 5.b3 b5 6.cxb5 Bxb5 7.Nc3 Ba6 8.Bg2 d5
9.O-O Nbd7 10.Bb2 c5 11.Re1 Bb7 12.Na4 cxd4 13.Qxd4 Bd6 14.e4 dxe4 15.Qxd6 exf3
16.Ba3 Nf8 17.Qb4 Bc6 18.Bf1 Nd5 19.Qc5 Rc8 20.Qxa7 Nd7 21.Rac1 Ne7 22.Red1 Rc7
23.Qa5 Rc8 24.Qxd8+ Kxd8 25.Nb6 Rc7 26.Bxe7+ Kxe7 27.Rxc6 Rxc6 28.Rxd7+ Kf6
29.Nc4 Ra8 30.a4 Rc5 31.Rd3 e5 32.Rxf3+ Ke7 33.Bh3 f6 34.Rd3 Ra7 35.Kf1 g6
36.Ke2 f5 37.Ke3 e4 38.Rd4 Rb7 39.Nd2 Rc3+ 40.Ke2 Kf6 41.b4 Rc2 42.b5 Ra2
43.f3 exf3+ 44.Kxf3 Ra3+ 45.Ke2 Re7+ 46.Kd1 Ra1+ 47.Kc2 Re2 48.Kb2 Rd1 49.Kc2 Ra1
50.Kb2 Rd1 51.b6 Rdxd2+ 52.Rxd2 Rxd2+ 53.Kc3 Rd8 54.a5 Ke6 55.a6 Kd6 56.a7 Kc6
57.a8=Q+ Rxa8 58.Bg2+ Kxb6 59.Bxa8 Kc5 60.h4 h6 61.Kd3 g5 62.h5 Kd6 63.Kd4 Ke7
64.Ke5 f4 65.g4 Kf7 66.Bd5+ Ke7 67.Kf5 Kd6 68.Bf3 Kc5 69.Kg6 Kd4 70.Kxh6 Ke3
71.Bb7 f3 72.Bxf3 Kxf3 73.Kxg5  1-0

[Event "22nd TCh-CRO Cup 2013"]
[Site "Bol na Bracu CRO"]
[Date "2013.05.25"]
[Round "5.12"]
[White "Zaja,I"]
[Black "Kuljasevic,D"]
[Result "1/2-1/2"]
[WhiteElo "2479"]
[BlackElo "2578"]

1.d4 Nf6 2.c4 e6 3.Nf3 b6 4.g3 Ba6 5.Qa4 Bb7 6.Bg2 c5 7.dxc5 bxc5 8.O-O Be7
9.Rd1 O-O 10.Nc3 Qb6 11.Bf4 d6 12.Qb5 Rd8 13.Rd2 Bc6 14.Qxb6 axb6 15.Rad1 Ne8
16.b3 Na6 17.Ng5 Bxg2 18.Kxg2 Nac7 19.Nge4 e5 20.Be3 f5 21.Bg5 Kf7 22.Bxe7 Kxe7
23.Ng5 Nf6 24.Nf3 e4 25.Ne1 g5 26.Nc2 f4 27.a4 Ke6 28.Na3 Rac8 29.Nab5 Nxb5
30.axb5 Ra8 31.Na4 Rab8 32.Nc3 Ra8 33.Nd5 Nxd5 34.Rxd5 h6 35.h4 fxg3 36.hxg5 hxg5
37.Kxg3 Ra3 38.Rxg5 Rxb3+ 39.Kf4 Rc3 40.Rg6+ Ke7 41.Rg7+ Ke6 42.Rg6+ Ke7
43.Kxe4 Rxc4+ 44.Kd5 Rf4 45.f3 Rf5+ 46.Kc6 c4 47.Rg7+ Kf6 48.Rc7 Rc5+ 49.Kxb6 Rb8+
50.Rb7 Rxb7+ 51.Kxb7 Rxb5+ 52.Kc6 Rb2 53.Rxd6+ Ke7  1/2-1/2

[Event "Hungarian National Open 2013"]
[Site "Zalakaros HUN"]
[Date "2013.05.26"]
[Round "5"]
[White "Ianov,V"]
[Black "Nemeth,Mi1"]
[Result "0-1"]
[WhiteElo "2327"]
[BlackElo "2450"]

1.d4 Nf6 2.c4 e6 3.Nf3 b6 4.g3 Ba6 5.Qc2 Bb4+ 6.Bd2 Be7 7.Bg2 O-O 8.O-O d5
9.Ne5 c6 10.cxd5 cxd5 11.Nc3 Nfd7 12.Nxd7 Nxd7 13.Rfd1 Nf6 14.Rac1 Qd7 15.Bg5 Rac8
16.Bxf6 Bxf6 17.e4 dxe4 18.Bxe4 g6 19.d5 Rc5 20.Qa4 Qxa4 21.Nxa4 Rxc1 22.Rxc1 exd5
23.Bxd5 Rd8 24.Bb3 Rd7 25.Nc3 Kg7 26.Rd1 Rxd1+ 27.Nxd1 Bd4 28.Bd5 f5 29.Kg2 g5
30.f4 g4 31.h3 gxh3+ 32.Kxh3 Bf1+ 33.Kh2 Kf6 34.Nc3 h6 35.Bc6 a6 36.Bb7 a5
37.Bc6 Ke6 38.a3 Bd3 39.Kh3 Bf6 40.g4 Kd6 41.Be8 Ke6 42.Kg3 fxg4 43.Kxg4 Bd4
44.Bc6 h5+ 45.Kg5 Bf6+ 46.Kxh5 Bxc3 47.bxc3 Kf5 48.Kh6 Kxf4 49.Kg7 Ke3 50.Kf6 Kd2
51.Ke5 Kxc3 52.Kd6 b5 53.Kc5 a4  0-1

[Event "Grand Europe Open Albena"]
[Site "Albena BUL"]
[Date "2013.06.01"]
[Round "1.22"]
[White "Kolev,At2"]
[Black "Drenchev,P"]
[Result "0-1"]
[WhiteElo "2118"]
[BlackElo "2485"]

1.d4 Nf6 2.c4 e6 3.Nf3 b6 4.g3 Ba6 5.Qa4 c5 6.Bg2 Bb7 7.dxc5 bxc5 8.O-O Be7
9.Rd1 O-O 10.Nc3 d6 11.Bf4 Qb6 12.Rd3 e5 13.Nxe5 dxe5 14.Bxb7 Qxb7 15.Bxe5 Nbd7
16.Bf4 Nb6 17.Qb5 Rfd8 18.Rad1 Rxd3 19.Rxd3 a6 20.Qb3 Rd8 21.Na4 Rxd3 22.exd3 Nfd7
23.Be3 Qc6 24.Nc3 Ne5 25.Ne4 Nf3+ 26.Kg2 f5 27.Kxf3 fxe4+ 28.dxe4 Qe6 29.Bf4 g5
30.Be3 Nxc4 31.Qb8+ Kf7 32.Qh8 g4+ 33.Kf4 Bd6+  0-1

[Event "6th Mayors Cup 2013"]
[Site "Mumbai IND"]
[Date "2013.06.03"]
[Round "8"]
[White "Laxman,R"]
[Black "Prince,Ba"]
[Result "1-0"]
[WhiteElo "2429"]
[BlackElo "2258"]

1.d4 Nf6 2.c4 e6 3.Nf3 b6 4.g3 Ba6 5.Nbd2 c5 6.e4 cxd4 7.e5 Ng4 8.h3 Nh6
9.Nxd4 Qc7 10.Qe2 Nc6 11.Nxc6 Qxc6 12.Qe4 Bb7 13.Bg2 Bb4 14.Qxc6 Bxc6 15.Bxc6 dxc6
16.a3 Bxd2+ 17.Bxd2 O-O-O 18.O-O-O Nf5 19.Bc3 c5 20.Rxd8+ Rxd8 21.Rd1 Nd4
22.Bxd4 cxd4 23.Kc2 Kc7 24.Kd3 f5 25.f3 h5 26.Rd2 a5 27.b3 Kc6 28.b4 a4 29.f4 g6
30.Rg2 Rd7 31.g4 fxg4 32.hxg4 Rh7  1-0